000
00328nam a2200145Ia 4500
100
_a
Kumbhojkar/G.v
942
_c
BK
654
_a
engineering mathematics 1
245
_a
Engineering Mathematics I
260
_b
C.jamnodas and co.
_a
NewDelhi
_c
2002
082
_a
511
_b
KUM
300
_a
352
546
_a
ENGLISH
999
_c
29372
_d
29372